[Event "Vaxjo op"]
[Site "Vaxjo"]
[Date "2023.02.10"]
[Round "1"]
[White "Hillarp Persson, Tiger"]
[Black "Malm, Simon"]
[Result "1-0"]
[WhiteElo "2511"]
[BlackElo "1832"]
[PlyCount "101"]
[EventDate "2023.02.10"]
[EventType "swiss"]
[EventRounds "8"]
[EventCountry "SWE"]
[SourceTitle "CBM 212 Extra"]
[Source "ChessBase"]
[SourceDate "2023.03.31"]
[SourceVersion "1"]
[SourceVersionDate "2023.03.31"]
[SourceQuality "1"]

1. Nf3 Nf6 2. c4 e6 3. g3 d5 4. Bg2 c6 5. b3 Be7 6. 0-0 0-0 7. Bb2 Nbd7 8. e3 b6 9. Nc3 Ba6 10. d3 Rc8 11. Qe2 Re8 12. Rfd1 c5 13. e4 d4 14. Nb5 Bxb5 15. cxb5 e5 16. Nd2 Bd6 17. Nc4 Bb8 18. Bh3 Qe7 19. a4 Rcd8 20. Bc1 Nf8 21. a5 bxa5 22. Rxa5 Qb7 23. Qa2 Ne6 24. Bd2 Nd7 25. Ra1 Re7 26. b4 Nb6 27. Bxe6 Rxe6 28. bxc5 Nxc4 29. Qxc4 h6 30. Ra6 Re7 31. c6 Qc8 32. Bb4 Re6 33. Ba5 Rdd6 34. c7 Rxa6 35. bxa6 Bxc7 36. Bxc7 Qd7 37. Rc1 Qe7 38. Qc5 Qg5 39. h4 Qd2 40. Qc2 Qb4 41. Kg2 Rxa6 42. Bxe5 Re6 43. Bf4 a5 44. Qc4 Qb2 45. Rc2 Qb1 46. Ra2 Rc6 47. Qxc6 Qxa2 48. Be5 Qb3 49. Qc4 Qxc4 50. dxc4 d3 51. Kf1 1-0